| 000 | 00620nam a22001337a 4500 | ||
|---|---|---|---|
| 040 | _cRUA | ||
| 082 | _aVEM MEN 2015 B517 Or.1 | ||
| 100 | _aMENG LIHENG; ម៉េង លីហេង | ||
| 245 | _aEffect of amprolin-300ws for eimeria's anti parasitic on cattle at bati district, takeo province; ប្រសិទ្ធភាពនៃAmprolin -300ws ក្នុងការទម្លាក់Coccodia (Eimeria) លើគោនៅក្នុងស្រុកបាទី ខេត្តតាកែវ | ||
| 260 |
_aPhnom Penh _bRUA _c2015 |
||
| 300 |
_ax; 44p; _bill; _c29cm; |
||
| 856 | _uMENG LIHENG | ||
| 942 | _cVEM | ||
| 999 |
_c10566 _d10566 |
||